Carregant...
Mercenaries and missionaries /
| Autor principal: | |
|---|---|
| Publicat: |
Cornell University Press,
|
| LEADER | 00270 a2200085 4500 | ||
|---|---|---|---|
| 100 | |a Vaidyanathan, Brandon | ||
| 245 | |a Mercenaries and missionaries / | ||
| 260 | |b Cornell University Press, | ||
| 999 | |c 28107 |d 28107 | ||
| 952 | |0 0 |1 0 |2 ddc |4 0 |7 -1 |9 38609 |a MAIN |b MAIN |d 2020-01-04 |r 2020-01-04 |w 2020-01-04 | ||